La recepción del finalismo en el Derecho Penal alemán / (Record no. 100095)

MARC details
000 -LEADER
campo de control de longitud fija 00577nam a2200181 i 4500
001 - NÚMERO DE CONTROL
campo de control 100095
003 - IDENTIFICADOR DE NÚMERO DE CONTROL
campo de control ES-MaACL
005 - FECHA Y HORA DE LA ÚLTIMA TRANSACCIÓN
campo de control 20250915063044.0
007 - CAMPO FIJO DE DESCRIPCIÓN FÍSICA--INFORMACIÓN GENERAL
campo de control de longitud fija t|
008 - DATOS DE LONGITUD FIJA--INFORMACIÓN GENERAL
campo de control de longitud fija 050921s1960 sp ||||1| spa d
100 1# - ENTRADA PRINCIPAL--NOMBRE DE PERSONA
Nombre de persona Martínez Val, José María,
Fechas asociadas al nombre 1916-
9 (RLIN) 78455
245 13 - MENCIÓN DEL TÍTULO
Título La recepción del finalismo en el Derecho Penal alemán /
Mención de responsabilidad, etc. José María Martínez Val.
260 ## - PUBLICACIÓN, DISTRIBUCIÓN, ETC.
Lugar de publicación, distribución, etc. Ciudad Real :
Nombre del editor, distribuidor, etc. [s.n.],
Fecha de publicación, distribución, etc. 1960 (
Fabricante Alpha)
300 ## - DESCRIPCIÓN FÍSICA
Extensión 8 p. ;
Dimensiones 24 cm.
500 ## - NOTA GENERAL
Nota general Separata del Foro Manchego. nº. 10-11.
852 ## - LOCALIZACIÓN
Ubicación ES-MaACL
Número de control de estantería 2027-F-11
Sublocalización o colección R.47394
Holdings
Estatus retirado Estado de pérdida Estado de daño No para préstamo Colección Biblioteca de origen Biblioteca actual Ubicación en estantería Fecha de adquisición Fuente de adquisición Total de préstamos Signatura topográfica completa Código de barras Visto por última vez Precio de reemplazo Tipo de ítem Koha
        Colección de folletos Biblioteca del Ateneo de Madrid Biblioteca del Ateneo de Madrid Depósito folletos 17/01/2008     2027-F-11 1104517 23/02/2023 23/02/2023 Folleto